[Event "CZE-chT1W 1112"]
[Site "Czech Republic"]
[Date "2012.03.18"]
[Round "10.5"]
[White "Cesal, Jaroslav"]
[Black "Dvorak, Tomas"]
[Result "0-1"]
[WhiteElo "2211"]
[BlackElo "2280"]
[PlyCount "63"]
[EventDate "2011.10.02"]
[EventType "team-tourn"]
[EventRounds "11"]
[EventCountry "CZE"]
[SourceTitle "EXT 2013"]
[Source "ChessBase"]
[SourceDate "2012.11.22"]
[SourceVersion "1"]
[SourceVersionDate "2012.11.22"]
[SourceQuality "1"]
[WhiteTeam "Kozolupy"]
[BlackTeam "Pankrac"]
[WhiteTeamCountry "CZE"]
[BlackTeamCountry "CZE"]

1. d4 Nf6 2. Nf3 g6 3. g3 Bg7 4. Bg2 0-0 5. 0-0 d5 6. c4 dxc4 7. Na3 Nc6 8. Nxc4 Be6 9. b3 a5 10. Nce5 Bd5 11. Bb2 a4 12. Nxc6 Bxc6 13. bxa4 Nd7 14. Re1 Nb6 15. a5 Rxa5 16. Bc3 Ra4 17. e3 Qa8 18. Qc2 Nc4 19. e4 Na3 20. Qd2 Nb5 21. e5 Rd8 22. Rec1 Bxf3 23. Bxf3 Bxe5 24. Bd1 Nxc3 25. Qxc3 Bxd4 26. Qxc7 Ra3 27. Rab1 Rxa2 28. Rc2 Rxc2 29. Bxc2 Rc8 30. Qd7 Bxf2+ 31. Kxf2 Rxc2+ 32. Kf3 0-1

[Event "CZE-chT1W 1112"]
[Site "Czech Republic"]
[Date "2012.02.12"]
[Round "8.5"]
[White "Vanek, Petr"]
[Black "Dvorak, Tomas"]
[Result "1/2-1/2"]
[WhiteElo "2205"]
[BlackElo "2280"]
[PlyCount "53"]
[EventDate "2011.10.02"]
[EventType "team-tourn"]
[EventRounds "11"]
[EventCountry "CZE"]
[SourceTitle "EXT 2013"]
[Source "ChessBase"]
[SourceDate "2012.11.22"]
[SourceVersion "1"]
[SourceVersionDate "2012.11.22"]
[SourceQuality "1"]
[WhiteTeam "Vysehrad"]
[BlackTeam "Pankrac"]
[WhiteTeamCountry "CZE"]
[BlackTeamCountry "CZE"]

1. e4 c5 2. Nf3 Nc6 3. Bb5 g6 4. 0-0 Bg7 5. c3 Nf6 6. Qe2 0-0 7. e5 Ne8 8. d4 cxd4 9. cxd4 d6 10. Bxc6 bxc6 11. Nc3 Qb6 12. Re1 Nc7 13. Be3 Nd5 14. exd6 Nxc3 15. bxc3 exd6 16. Bf4 c5 17. Rab1 Qc6 18. Qb5 Qxb5 19. Rxb5 Bd7 20. Ra5 cxd4 21. cxd4 Rfd8 22. Bxd6 Bc6 23. Bc5 Bxf3 24. gxf3 Bxd4 25. Bxd4 Rxd4 26. Re7 a6 27. Rc7 1/2-1/2

[Event "CZE-chT1W 1112"]
[Site "Czech Republic"]
[Date "2012.01.29"]
[Round "7.4"]
[White "Rosko, Lubos"]
[Black "Dvorak, Tomas"]
[Result "1-0"]
[WhiteElo "2322"]
[BlackElo "2280"]
[PlyCount "79"]
[EventDate "2011.10.02"]
[EventType "team-tourn"]
[EventRounds "11"]
[EventCountry "CZE"]
[SourceTitle "EXT 2013"]
[Source "ChessBase"]
[SourceDate "2012.11.22"]
[SourceVersion "1"]
[SourceVersionDate "2012.11.22"]
[SourceQuality "1"]
[WhiteTeam "Hradec Kralove"]
[BlackTeam "Pankrac"]
[WhiteTeamCountry "CZE"]
[BlackTeamCountry "CZE"]

1. d4 Nf6 2. c4 g6 3. Nc3 d5 4. Bg5 Ne4 5. Bh4 Nxc3 6. bxc3 dxc4 7. Qa4+ Qd7 8. Qxc4 b6 9. Nf3 Ba6 10. Qb3 Bg7 11. e3 Bxf1 12. Kxf1 0-0 13. Ke2 Nc6 14. Rhd1 Rfc8 15. Rac1 Na5 16. Qc2 c5 17. d5 e6 18. c4 exd5 19. Rxd5 Qb7 20. Qd3 Qc6 21. Kf1 Qa4 22. Rd7 Qxa2 23. Rxf7 Rf8 24. Rc7 Rac8 25. Qd5+ Kh8 26. Rxc8 Rxc8 27. Ne5 h6 28. Nxg6+ Kh7 29. Qf5 Rc7 30. Ne5+ Kg8 31. Rd1 Nb7 32. Qe6+ Kh7 33. Qg6+ Kg8 34. Bd8 Qa4 35. Ke2 Qa2+ 36. Rd2 Qxd2+ 37. Kxd2 Nxd8 38. Qe8+ Kh7 39. Qxd8 Bxe5 40. f4 1-0

[Event "CZE-chT1W 1112"]
[Site "Czech Republic"]
[Date "2012.01.15"]
[Round "6.4"]
[White "Dvorak, Tomas"]
[Black "Kovar, Vojtech"]
[Result "1-0"]
[WhiteElo "2280"]
[BlackElo "2308"]
[PlyCount "61"]
[EventDate "2011.10.02"]
[EventType "team-tourn"]
[EventRounds "11"]
[EventCountry "CZE"]
[SourceTitle "EXT 2013"]
[Source "ChessBase"]
[SourceDate "2012.11.22"]
[SourceVersion "1"]
[SourceVersionDate "2012.11.22"]
[SourceQuality "1"]
[WhiteTeam "Pankrac"]
[BlackTeam "Postovni sporitelna"]
[WhiteTeamCountry "CZE"]
[BlackTeamCountry "CZE"]

1. e4 e5 2. Nf3 Nc6 3. Bb5 a6 4. Ba4 Nf6 5. Qe2 b5 6. Bb3 Be7 7. 0-0 d6 8. c3 Bg4 9. h3 Bh5 10. Rd1 0-0 11. d3 Na5 12. Bc2 c5 13. Nbd2 Nc6 14. Nf1 Qc7 15. g4 Bg6 16. Ne3 Rad8 17. h4 h5 18. g5 Nd7 19. a4 f6 20. Nd5 Qc8 21. axb5 axb5 22. Ra7 Rf7 23. Bb3 c4 24. Rc7 Qa8 25. dxc4 Na5 26. Ba2 bxc4 27. Be3 Qb8 28. Ra7 Nc6 29. Qxc4 Nxa7 30. Nxe7+ Kh7 31. Nxg6 1-0

[Event "CZE-chT1W 1011"]
[Site "Czech Republic"]
[Date "2010.12.12"]
[Round "5.5"]
[White "Dvorak, Tomas"]
[Black "Oresky, Jan"]
[Result "1/2-1/2"]
[WhiteElo "2278"]
[BlackElo "2213"]
[PlyCount "53"]
[EventDate "2010.10.10"]
[EventType "team-tourn"]
[EventRounds "11"]
[EventCountry "CZE"]
[SourceTitle "EXT 2012"]
[Source "ChessBase"]
[SourceDate "2011.11.24"]
[SourceVersion "1"]
[SourceVersionDate "2011.11.24"]
[SourceQuality "1"]
[WhiteTeam "Pankrac"]
[BlackTeam "Novoborsky II"]
[WhiteTeamCountry "CZE"]
[BlackTeamCountry "CZE"]

1. e4 c5 2. Nf3 d6 3. d4 cxd4 4. Nxd4 Nf6 5. Nc3 e6 6. Be2 Be7 7. 0-0 0-0 8. Be3 Nc6 9. f4 e5 10. Nb3 exf4 11. Bxf4 Be6 12. Kh1 d5 13. exd5 Nxd5 14. Nxd5 Bxd5 15. c3 Re8 16. Qc2 Bg5 17. Bg3 Be4 18. Qd1 Qxd1 19. Bxd1 b6 20. Bf3 Bxf3 21. Rxf3 Re2 22. Rf2 Rae8 23. Rxe2 Rxe2 24. Re1 Rxe1+ 25. Bxe1 Ne5 26. Bd2 Bxd2 27. Nxd2 1/2-1/2

[Event "Pobeskydy Chance Cup 21st"]
[Site "Frydek Mistek"]
[Date "2010.04.04"]
[Round "7"]
[White "Dvorak, Tomas"]
[Black "Petran, Peter"]
[Result "1-0"]
[WhiteElo "2297"]
[BlackElo "2370"]
[PlyCount "75"]
[EventDate "2010.04.01"]
[EventType "tourn"]
[EventRounds "9"]
[EventCountry "CZE"]
[EventCategory "2"]
[SourceTitle "CBM 135 Extra"]
[Source "ChessBase"]
[SourceDate "2010.05.04"]
[SourceVersion "1"]
[SourceVersionDate "2010.05.04"]
[SourceQuality "1"]

1. e4 c6 2. d4 d5 3. Nc3 dxe4 4. Nxe4 Nf6 5. Nxf6+ gxf6 6. Nf3 Bf5 7. g3 e6 8. Bg2 Bd6 9. 0-0 Nd7 10. c4 Qc7 11. Be3 Be4 12. Qe2 f5 13. Ne1 Bxg2 14. Nxg2 c5 15. dxc5 Nxc5 16. Bd4 Rg8 17. b4 Nd7 18. c5 Be5 19. Bxe5 Qxe5 20. Qc2 Qe4 21. Qc3 Qe5 22. Qc2 Qe4 23. Qc3 Qe5 24. Qb3 Rg4 25. Ne3 Rd4 26. Nc4 Qf6 27. Nd6+ Kf8 28. Nxb7 Ne5 29. Rad1 Rxd1 30. Rxd1 f4 31. Nd6 Qg6 32. Rd4 f3 33. Nc4 Nxc4 34. Rxc4 Qf6 35. Rc3 Rd8 36. Rxf3 Qa1+ 37. Kg2 Rd1 38. Qxe6 1-0

[Event "Pobeskydy Chance Cup 21st"]
[Site "Frydek Mistek"]
[Date "2010.04.02"]
[Round "4"]
[White "Klecker, Tadeas"]
[Black "Dvorak, Tomas"]
[Result "1-0"]
[WhiteElo "2175"]
[BlackElo "2297"]
[PlyCount "53"]
[EventDate "2010.04.01"]
[EventType "tourn"]
[EventRounds "9"]
[EventCountry "CZE"]
[EventCategory "2"]
[SourceTitle "CBM 135 Extra"]
[Source "ChessBase"]
[SourceDate "2010.05.04"]
[SourceVersion "1"]
[SourceVersionDate "2010.05.04"]
[SourceQuality "1"]

1. d4 Nf6 2. c4 g6 3. Nc3 d5 4. cxd5 Nxd5 5. e4 Nxc3 6. bxc3 Bg7 7. Nf3 c5 8. Rb1 0-0 9. Be2 cxd4 10. cxd4 Qa5+ 11. Qd2 Qxd2+ 12. Bxd2 b6 13. 0-0 e6 14. Rbc1 Bb7 15. Rc7 Bxe4 16. Bb4 Rd8 17. Rfc1 Bf6 18. Ne5 a5 19. Nxf7 Rd7 20. Nh6+ Kg7 21. Bd2 g5 22. Ng4 Ra7 23. Rc8 Na6 24. Rg8+ Kf7 25. Nxf6 Kxf6 26. Bxg5+ Kf7 27. Rcc8 1-0

[Event "CZE-chT1W 0910"]
[Site "Czech Republic"]
[Date "2010.02.21"]
[Round "9.3"]
[White "Dvorak, Tomas"]
[Black "Michalek, Jan"]
[Result "1-0"]
[WhiteElo "2296"]
[BlackElo "2336"]
[PlyCount "193"]
[EventDate "2009.10.11"]
[EventType "team-tourn"]
[EventRounds "11"]
[EventCountry "CZE"]
[SourceTitle "EXT 2011"]
[Source "ChessBase"]
[SourceDate "2010.11.26"]
[SourceVersion "1"]
[SourceVersionDate "2010.11.26"]
[SourceQuality "1"]
[WhiteTeam "Praha Pankrac"]
[BlackTeam "Holdia"]
[WhiteTeamCountry "CZE"]
[BlackTeamCountry "CZE"]

1. e4 c5 2. Nf3 e6 3. c4 Nc6 4. Nc3 e5 5. Be2 g6 6. d3 d6 7. 0-0 Bg7 8. Ne1 Nge7 9. f4 0-0 10. Nc2 h6 11. Be3 Nd4 12. Rb1 exf4 13. Bxf4 Nxc2 14. Qxc2 Nc6 15. Qd2 Kh7 16. Kh1 Be6 17. Rbe1 a6 18. Bd1 Rb8 19. Nd5 b5 20. b3 Rb7 21. Ne3 h5 22. Nc2 Be5 23. Bg5 f6 24. Bf4 b4 25. Rf2 Bc3 26. Qe3 Bxe1 27. Qxe1 Ne5 28. Be2 Bg4 29. Bf1 a5 30. Bc1 Qe7 31. d4 Nf7 32. Bd3 cxd4 33. Nxd4 Ne5 34. Bc2 Bc8 35. h3 Qg7 36. Qd2 Re7 37. Nb5 Rd7 38. Nd4 Re8 39. Qf4 Bb7 40. Qh4 Rf7 41. Nb5 Qf8 42. Nd4 Qe7 43. Qf4 Kg8 44. Qg3 Kh8 45. Qf4 Bc8 46. Bb2 Ref8 47. Qd2 Bd7 48. Ne2 Kg7 49. Nd4 Qd8 50. Ne2 Qc7 51. Nf4 Qb8 52. Nd5 Qc8 53. Nf4 Qc5 54. Bd4 Qc6 55. Be3 Rh8 56. Ne2 h4 57. Bd4 Qb7 58. Bb2 Qc7 59. Nf4 Qb8 60. Nd5 Bc6 61. Nf4 Re7 62. Ne2 Rh5 63. Nd4 Qc8 64. Qf4 Rf7 65. Qd2 Qd7 66. Rf1 Rh8 67. Rf2 Rff8 68. Rf1 Qc8 69. Rf2 Bd7 70. Kh2 Rh5 71. Bd1 Rh7 72. Bc2 Qc5 73. Kg1 a4 74. Ne2 axb3 75. axb3 Kg8 76. Bd4 Qa5 77. Nf4 Rg7 78. Nd5 f5 79. Qh6 Qd8 80. exf5 gxf5 81. Qxd6 Nf7 82. Nf6+ Kh8 83. Qxd7 Ng5 84. Qxd8 Rxd8 85. Nd5 Nxh3+ 86. Kf1 Nxf2 87. Kxf2 Kg8 88. Bxg7 Kxg7 89. Bxf5 Rf8 90. Ne3 Kf6 91. Ke2 Ke5 92. c5 Kd4 93. c6 Rf7 94. Bd7 h3 95. gxh3 Re7 96. c7 Rxe3+ 97. Kf2 1-0

[Event "CZE-chT1W 0910"]
[Site "Czech Republic"]
[Date "2010.02.07"]
[Round "8.3"]
[White "Stockova, Zuzana"]
[Black "Dvorak, Tomas"]
[Result "1-0"]
[WhiteElo "2401"]
[BlackElo "2296"]
[PlyCount "63"]
[EventDate "2009.10.11"]
[EventType "team-tourn"]
[EventRounds "11"]
[EventCountry "CZE"]
[SourceTitle "EXT 2011"]
[Source "ChessBase"]
[SourceDate "2010.11.26"]
[SourceVersion "1"]
[SourceVersionDate "2010.11.26"]
[SourceQuality "1"]
[WhiteTeam "Lysa nad Labem"]
[BlackTeam "Praha Pankrac"]
[WhiteTeamCountry "CZE"]
[BlackTeamCountry "CZE"]

1. e4 c5 2. Nf3 Nc6 3. Nc3 d6 4. d4 cxd4 5. Nxd4 Nf6 6. Bg5 e6 7. Qd2 a6 8. 0-0-0 Bd7 9. f3 h6 10. Be3 b5 11. Nxc6 Bxc6 12. Kb1 Qc7 13. Bd3 Be7 14. Rhe1 Nd7 15. Qf2 Bb7 16. Bd4 Rg8 17. f4 Nc5 18. e5 0-0-0 19. exd6 Bxd6 20. a3 Qc6 21. Ne4 Nxd3 22. cxd3 Qd5 23. Rc1+ Kd7 24. Nxd6 Qxd6 25. Be5 Qd5 26. Rc7+ Ke8 27. Qa7 Qxd3+ 28. Ka1 Qd2 29. Qxb7 Qxe1+ 30. Ka2 Qh4 31. Qc6+ Kf8 32. Bd6+ 1-0

[Event "Prague op-A 09th"]
[Site "Prague"]
[Date "2010.01.10"]
[Round "3"]
[White "Dvorak, Tomas"]
[Black "Bodiroga, Predrag"]
[Result "0-1"]
[WhiteElo "2296"]
[BlackElo "2420"]
[PlyCount "73"]
[EventDate "2010.01.08"]
[EventType "swiss"]
[EventRounds "9"]
[EventCountry "CZE"]
[SourceTitle "CBM 134 Extra"]
[Source "ChessBase"]
[SourceDate "2010.03.03"]
[SourceVersion "1"]
[SourceVersionDate "2010.03.03"]
[SourceQuality "1"]

1. e4 c6 2. d4 d5 3. e5 Bf5 4. c4 e6 5. Nc3 Ne7 6. a3 Bg6 7. h4 h6 8. h5 Bh7 9. c5 b6 10. b4 Nd7 11. g4 a5 12. Bd2 Qb8 13. f4 g5 14. hxg6 Bxg6 15. Nf3 Bg7 16. Be2 h5 17. gxh5 Rxh5 18. Rxh5 Bxh5 19. Ng5 Bg6 20. Bh5 Nf8 21. Bxg6 Nfxg6 22. Ne2 Bh6 23. cxb6 Bxg5 24. fxg5 a4 25. b5 cxb5 26. Bb4 Qxb6 27. Bc5 Qa5+ 28. Kf2 Kd7 29. Qd3 Rh8 30. Rb1 Rb8 31. Nc3 Nf4 32. Qf3 Nf5 33. Rb4 Ng6 34. Nxd5 Qa6 35. Ne3 Ngh4 36. Qe4 Qc6 37. Qxc6+ 0-1

[Event "CZE-chT1W 0910"]
[Site "Czech Republic"]
[Date "2010.01.10"]
[Round "6.3"]
[White "Dvorak, Tomas"]
[Black "Pletanek, Jan"]
[Result "1/2-1/2"]
[WhiteElo "2296"]
[BlackElo "2242"]
[PlyCount "152"]
[EventDate "2009.10.11"]
[EventType "team-tourn"]
[EventRounds "11"]
[EventCountry "CZE"]
[SourceTitle "EXT 2011"]
[Source "ChessBase"]
[SourceDate "2010.11.26"]
[SourceVersion "1"]
[SourceVersionDate "2010.11.26"]
[SourceQuality "1"]
[WhiteTeam "Praha Pankrac"]
[BlackTeam "Postovni sporitelna II"]
[WhiteTeamCountry "CZE"]
[BlackTeamCountry "CZE"]

1. e4 c5 2. Ne2 Nc6 3. d4 cxd4 4. Nxd4 Nf6 5. Nc3 d6 6. Bg5 Qa5 7. Bb5 Bd7 8. Nb3 Qc7 9. Qd2 e6 10. 0-0-0 a6 11. Be2 Be7 12. f4 0-0-0 13. Bxf6 gxf6 14. Bh5 Rhf8 15. Qf2 Kb8 16. Rd3 Rc8 17. Kb1 Nb4 18. Rd2 a5 19. a3 Na6 20. Rhd1 b5 21. Be2 Nc5 22. Bxb5 Bxb5 23. Nxb5 Nxe4 24. Nxc7 Nxf2 25. Rxf2 Rxc7 26. Nxa5 f5 27. Rd3 Rg8 28. Rh3 Rg7 29. Rd2 d5 30. c4 dxc4 31. Rc3 Rg8 32. Rxc4 Rxc4 33. Nxc4 Bc5 34. g3 h5 35. Ne5 Bg1 36. Nxf7 h4 37. Rg2 Be3 38. Ng5 hxg3 39. hxg3 e5 40. Re2 exf4 41. gxf4 Bxf4 42. Ne6 Bd6 43. Rf2 Re8 44. Ng7 Re1+ 45. Kc2 f4 46. Nh5 Re4 47. Nf6 Ra4 48. Nd5 Bxa3 49. bxa3 Rxa3 50. Nc3 Ra5 51. Rxf4 Kc7 52. Kd3 Kd6 53. Kd4 Ra1 54. Rf6+ Ke7 55. Rh6 Re1 56. Ne4 Kd7 57. Ke5 Rd1 58. Ra6 Kc7 59. Nc3 Kb7 60. Rf6 Rd3 61. Nd5 Rd1 62. Rb6+ Ka7 63. Rb2 Rh1 64. Ne7 Rd1 65. Nf5 Ka6 66. Nd4 Rh1 67. Kd6 Rh6+ 68. Ne6 Rh1 69. Kd5 Ka5 70. Kc6 Ka4 71. Nd4 Ka3 72. Rb3+ Ka2 73. Kd5 Rb1 74. Rd3 Rc1 75. Nb5 Kb2 76. Nd4 Rc8 1/2-1/2

[Event "CZE-chT1W 0910"]
[Site "Czech Republic"]
[Date "2009.12.13"]
[Round "5.2"]
[White "Dvorak, Tomas"]
[Black "Nun, Jiri"]
[Result "0-1"]
[WhiteElo "2296"]
[BlackElo "2390"]
[PlyCount "112"]
[EventDate "2009.10.11"]
[EventType "team-tourn"]
[EventRounds "11"]
[EventCountry "CZE"]
[SourceTitle "EXT 2011"]
[Source "ChessBase"]
[SourceDate "2010.11.26"]
[SourceVersion "1"]
[SourceVersionDate "2010.11.26"]
[SourceQuality "1"]
[WhiteTeam "Praha Pankrac"]
[BlackTeam "Hradec Kralove"]
[WhiteTeamCountry "CZE"]
[BlackTeamCountry "CZE"]

1. e4 c5 2. Nf3 Nc6 3. d4 cxd4 4. Nxd4 e5 5. Nb5 d6 6. N1c3 a6 7. Na3 b5 8. Nd5 Nge7 9. c4 Nd4 10. Nc2 Nxd5 11. exd5 Bg4 12. Qd2 Nxc2+ 13. Qxc2 Bd7 14. Be2 bxc4 15. Bxc4 Be7 16. 0-0 0-0 17. Qe2 a5 18. b3 f5 19. f4 Bf6 20. fxe5 Bxe5 21. Bb2 Re8 22. Qd2 Qb6+ 23. Kh1 Bxb2 24. Qxb2 Re5 25. Rae1 Rae8 26. Rxe5 Rxe5 27. Qd2 Qb4 28. Qg5 Qb6 29. h3 h6 30. Qh4 Kh7 31. Qf4 g5 32. Qd2 Kg6 33. Qc3 Qc5 34. Qd2 Bc8 35. Qd3 Kg7 36. Qd2 Bb7 37. Rd1 Kf6 38. Kh2 Bc8 39. Rf1 Bb7 40. Rd1 Bc8 41. Rf1 Bd7 42. Re1 Qb4 43. Qxb4 axb4 44. Ra1 f4 45. a4 bxa3 46. Rxa3 Re3 47. Ra8 h5 48. Kg1 g4 49. hxg4 hxg4 50. Rd8 Ke7 51. Rh8 Bf5 52. Kf1 Rc3 53. Rg8 Rc1+ 54. Kf2 Rc2+ 55. Kf1 g3 56. Rg5 Be4 0-1

[Event "Rybnik Prefrow"]
[Site "Rybnik"]
[Date "2009.06.??"]
[Round "1"]
[White "Berezjuk, Sergej"]
[Black "Dvorak, Tomas"]
[Result "1/2-1/2"]
[WhiteElo "2437"]
[BlackElo "2287"]
[PlyCount "34"]
[EventDate "2009.06.??"]
[EventType "tourn"]
[EventRounds "9"]
[EventCountry "POL"]
[EventCategory "4"]
[SourceTitle "CBM 130 Extra"]
[Source "ChessBase"]
[SourceDate "2009.07.02"]
[SourceVersion "2"]
[SourceVersionDate "2009.07.15"]
[SourceQuality "1"]

1. e4 c5 2. Nf3 Nc6 3. d4 cxd4 4. Nxd4 Nf6 5. Nc3 d6 6. Bg5 e6 7. Qd2 a6 8. 0-0-0 Bd7 9. f3 h6 10. Be3 b5 11. Nxc6 Bxc6 12. Ne2 Qc7 13. Kb1 Bb7 14. h4 Be7 15. Nd4 Nd7 16. Be2 d5 17. exd5 Bxd5 1/2-1/2

[Event "Rybnik Prefrow"]
[Site "Rybnik"]
[Date "2009.06.??"]
[Round "8"]
[White "Dvorak, Tomas"]
[Black "Cyfka, Karina"]
[Result "1-0"]
[WhiteElo "2287"]
[BlackElo "2288"]
[PlyCount "77"]
[EventDate "2009.06.??"]
[EventType "tourn"]
[EventRounds "9"]
[EventCountry "POL"]
[EventCategory "4"]
[SourceTitle "CBM 130 Extra"]
[Source "ChessBase"]
[SourceDate "2009.07.02"]
[SourceVersion "2"]
[SourceVersionDate "2009.07.15"]
[SourceQuality "1"]

1. e4 e5 2. Nf3 Nc6 3. Bb5 a6 4. Ba4 Nf6 5. 0-0 Nxe4 6. d4 b5 7. Bb3 d5 8. dxe5 Be6 9. c3 g6 10. h3 Bg7 11. Bf4 0-0 12. Nbd2 Nc5 13. Bc2 Re8 14. Nb3 Nxb3 15. axb3 Qd7 16. Re1 a5 17. Bd3 Ne7 18. Nd4 c6 19. Qc2 Reb8 20. Bg5 Bf8 21. Bf6 c5 22. Nxe6 fxe6 23. c4 bxc4 24. bxc4 d4 25. Ra3 Bg7 26. Be4 Ra6 27. Qd2 a4 28. h4 Rab6 29. Qg5 Bf8 30. h5 Qe8 31. hxg6 Nxg6 32. Rxa4 d3 33. Ra7 d2 34. Rd1 Rxb2 35. Qh5 Be7 36. Rxe7 Qxe7 37. Bxe7 Nxe7 38. Qxh7+ Kf8 39. Rxd2 1-0

[Event "Rybnik Prefrow"]
[Site "Rybnik"]
[Date "2009.06.??"]
[Round "3"]
[White "Kalinin, Oleg"]
[Black "Dvorak, Tomas"]
[Result "1-0"]
[WhiteElo "2378"]
[BlackElo "2287"]
[PlyCount "65"]
[EventDate "2009.06.??"]
[EventType "tourn"]
[EventRounds "9"]
[EventCountry "POL"]
[EventCategory "4"]
[SourceTitle "CBM 130 Extra"]
[Source "ChessBase"]
[SourceDate "2009.07.02"]
[SourceVersion "2"]
[SourceVersionDate "2009.07.15"]
[SourceQuality "1"]

1. d4 Nf6 2. Nf3 g6 3. c4 Bg7 4. Nc3 d5 5. cxd5 Nxd5 6. g3 0-0 7. Bg2 Nb6 8. 0-0 Nc6 9. d5 Na5 10. e4 c6 11. Bg5 h6 12. Bf4 cxd5 13. Nxd5 Nxd5 14. exd5 e6 15. Qc1 Qxd5 16. Bxh6 Nc6 17. Bxg7 Kxg7 18. Qc3+ Kg8 19. Rfe1 Rd8 20. h4 Qd3 21. Qc1 Qf5 22. Ng5 Qf6 23. Bxc6 bxc6 24. Ne4 Qd4 25. h5 gxh5 26. Qg5+ Kf8 27. Rad1 Qxd1 28. Rxd1 Rxd1+ 29. Kh2 Rd5 30. Qh6+ Ke7 31. Qf6+ Ke8 32. Qc3 Ke7 33. Qf6+ 1-0

[Event "Pobeskydy KFP Cup"]
[Site "Frydek Mistek"]
[Date "2009.04.12"]
[Round "8"]
[White "Dvorak, Tomas"]
[Black "Csiba, Dominik"]
[Result "0-1"]
[WhiteElo "2287"]
[BlackElo "2377"]
[PlyCount "114"]
[EventDate "2009.04.09"]
[EventType "tourn"]
[EventRounds "9"]
[EventCountry "CZE"]
[EventCategory "3"]
[SourceTitle "CBM 129 Extra"]
[Source "ChessBase"]
[SourceDate "2009.05.05"]
[SourceVersion "2"]
[SourceVersionDate "2009.05.20"]
[SourceQuality "1"]

1. e4 c5 2. Nf3 d6 3. d4 cxd4 4. Nxd4 Nf6 5. Nc3 a6 6. Be3 e5 7. Nb3 Be6 8. f4 exf4 9. Bxf4 Nc6 10. Qe2 Be7 11. h3 Nd7 12. 0-0-0 Nce5 13. Kb1 0-0 14. g4 Rc8 15. Nd5 Bxd5 16. exd5 Bf6 17. Qg2 h6 18. Bd3 Nxd3 19. Rxd3 Ne5 20. Bxe5 Bxe5 21. h4 Qf6 22. Rf3 Qg6 23. Rf5 Rc4 24. Rg1 f6 25. Nc1 Rfc8 26. Nd3 Bd4 27. h5 Qe8 28. Re1 Qb5 29. Re4 Rxc2 30. Qxc2 Rxc2 31. Kxc2 Qc4+ 32. Kd2 Bc3+ 33. Ke3 Bd2+ 34. Kxd2 Qxe4 35. Nf2 Qd4+ 36. Kc2 Kf7 37. a3 g6 38. hxg6+ Kxg6 39. Nd3 Qxg4 40. Rf2 Qe4 41. Kc3 f5 42. Rh2 h5 43. Rg2+ Kf6 44. Rh2 h4 45. Rh3 Kg5 46. Rh2 Qe3 47. Rg2+ Kh5 48. Kc2 h3 49. Rg8 Qd4 50. Rf8 Kg4 51. Rg8+ Kf3 52. Rf8 f4 53. Ne1+ Ke2 54. Re8+ Qe3 55. Rxe3+ fxe3 56. Nd3 h2 57. Nf4+ Kf3 0-1

[Event "Pobeskydy KFP Cup"]
[Site "Frydek Mistek"]
[Date "2009.04.10"]
[Round "3"]
[White "Poloch, Petr"]
[Black "Dvorak, Tomas"]
[Result "1/2-1/2"]
[WhiteElo "2290"]
[BlackElo "2287"]
[PlyCount "39"]
[EventDate "2009.04.09"]
[EventType "tourn"]
[EventRounds "9"]
[EventCountry "CZE"]
[EventCategory "3"]
[SourceTitle "CBM 129 Extra"]
[Source "ChessBase"]
[SourceDate "2009.05.05"]
[SourceVersion "2"]
[SourceVersionDate "2009.05.20"]
[SourceQuality "1"]

1. Nf3 Nf6 2. c4 g6 3. Nc3 d5 4. cxd5 Nxd5 5. Qa4+ Bd7 6. Qb3 Nxc3 7. Qxc3 f6 8. d4 Bg7 9. Bf4 c6 10. e4 Be6 11. Bc4 Bxc4 12. Qxc4 Qa5+ 13. Nd2 Qa6 14. Qe6 c5 15. Qc8+ Kf7 16. Qxc5 Rd8 17. d5 Nd7 18. Qc4 Qxc4 19. Nxc4 Nc5 20. Ke2 1/2-1/2

[Event "Pobeskydy KFP Cup"]
[Site "Frydek Mistek"]
[Date "2009.04.09"]
[Round "2"]
[White "Dvorak, Tomas"]
[Black "Sosovicka, Juraj"]
[Result "0-1"]
[WhiteElo "2287"]
[BlackElo "2067"]
[PlyCount "108"]
[EventDate "2009.04.09"]
[EventType "tourn"]
[EventRounds "9"]
[EventCountry "CZE"]
[EventCategory "3"]
[SourceTitle "CBM 129 Extra"]
[Source "ChessBase"]
[SourceDate "2009.05.05"]
[SourceVersion "2"]
[SourceVersionDate "2009.05.20"]
[SourceQuality "1"]

1. e4 e5 2. Nf3 Nc6 3. Nc3 Nf6 4. g3 d5 5. exd5 Nxd5 6. Bg2 Nxc3 7. bxc3 Bd6 8. 0-0 0-0 9. Rb1 Rb8 10. d4 exd4 11. cxd4 Re8 12. Be3 a6 13. Qd3 Nb4 14. Qd2 Nd5 15. Rfe1 Bf5 16. Bg5 Be7 17. Bxe7 Rxe7 18. Rxe7 Nxe7 19. Re1 Qd6 20. c4 Rd8 21. Qe3 Nc6 22. Qg5 Bg6 23. d5 h6 24. Qd2 Ne7 25. Qe2 Nc8 26. h4 Nb6 27. Rc1 Qc5 28. Nd2 Nd7 29. Nb3 Qd6 30. c5 Qe5 31. Re1 Re8 32. Qxe5 Rxe5 33. Rxe5 Nxe5 34. Na5 b6 35. cxb6 cxb6 36. Nb7 Kf8 37. Nd6 Nd7 38. Bh3 Nf6 39. Bg2 Nd7 40. Nc8 Ke8 41. d6 Kd8 42. Ne7 Nf6 43. Bh3 Be4 44. f4 Ne8 45. Bf5 Nxd6 46. Bxe4 Nxe4 47. Nf5 Nc3 48. Nxg7 Nxa2 49. g4 Nc3 50. Kf2 a5 51. h5 a4 52. g5 a3 53. gxh6 Ne4+ 54. Ke3 Nf6 0-1

[Event "CZE-chT1W 0809"]
[Site "Czech Republic"]
[Date "2009.03.29"]
[Round "11.3"]
[White "Blecha, Miroslav"]
[Black "Dvorak, Tomas"]
[Result "1/2-1/2"]
[WhiteElo "2219"]
[BlackElo "2287"]
[PlyCount "82"]
[EventDate "2008.10.19"]
[EventType "team-tourn"]
[EventRounds "11"]
[EventCountry "CZE"]
[SourceTitle "EXT 2010"]
[Source "ChessBase"]
[SourceDate "2010.11.25"]
[SourceVersion "1"]
[SourceVersionDate "2010.11.25"]
[SourceQuality "1"]
[WhiteTeam "Plzen Letna"]
[BlackTeam "Praha Pankrac"]
[WhiteTeamCountry "CZE"]
[BlackTeamCountry "CZE"]

1. e4 c5 2. Nf3 Nc6 3. d4 cxd4 4. Nxd4 Nf6 5. Nc3 d6 6. Bg5 e6 7. Qd2 a6 8. 0-0-0 Bd7 9. f3 h6 10. Be3 b5 11. Nxc6 Bxc6 12. Ne2 Qc7 13. Nd4 Bb7 14. Bd3 e5 15. Nf5 d5 16. exd5 Nxd5 17. Rhe1 0-0-0 18. Qf2 g6 19. Ba7 Bc6 20. Ng3 f5 21. Kb1 Kb7 22. c4 Nf4 23. cxb5 axb5 24. Bf1 Bb4 25. Rxd8 Bxe1 26. Qb6+ Qxb6 27. Bxb6 Rxd8 28. Bxd8 Nd5 29. Bd3 Ne3 30. Bf6 Bxg3 31. hxg3 Nxg2 32. Bxe5 Ne1 33. Be2 Nxf3 34. Bxf3 Bxf3 35. Kc1 g5 36. Kd2 Bd5 37. a3 h5 38. Ke3 Kc6 39. Bf6 h4 40. gxh4 f4+ 41. Kf2 gxh4 1/2-1/2

[Event "CZE-chT 0809"]
[Site "Czech Republic"]
[Date "2009.02.07"]
[Round "6.8"]
[White "Frolik, Martin"]
[Black "Dvorak, Tomas"]
[Result "1/2-1/2"]
[WhiteElo "2231"]
[BlackElo "2287"]
[PlyCount "29"]
[EventDate "2008.11.08"]
[EventType "team-tourn"]
[EventRounds "11"]
[EventCountry "CZE"]
[SourceTitle "EXT 2010"]
[Source "ChessBase"]
[SourceDate "2010.11.25"]
[SourceVersion "1"]
[SourceVersionDate "2010.11.25"]
[SourceQuality "1"]
[WhiteTeam "Trinec"]
[BlackTeam "Frydek Mistek"]
[WhiteTeamCountry "CZE"]
[BlackTeamCountry "CZE"]

1. d4 Nf6 2. Nf3 g6 3. c4 Bg7 4. Nc3 d5 5. cxd5 Nxd5 6. e4 Nxc3 7. bxc3 0-0 8. Rb1 c5 9. Be2 cxd4 10. cxd4 Qa5+ 11. Bd2 Qxa2 12. Qc1 Bg4 13. Bc4 Qa4 14. Bb5 Qa2 15. Bc4 1/2-1/2